000 04153nab a2200277 i 4500
003 BR-BrBNA
005 20250425071907.0
008 250425b2017 bl.qr|pooa||| 00| 0 por |
040 _aBR-BrBNA
_bpor
072 _aK10
100 _aSilva, Wiane Meloni
100 _aZorzanelli, João Paulo Fernandes
100 _aMoreau, Julia Siqueira
100 _aAbreu, Karla Maria Pedra de
100 _aKunz, Sustanis Horn
245 _aEstrutura e sucessão ecológica de uma comunidade florestal urbana no sul do Espírito Santo
500 _aPublicação on-line; Bibliography p. 312-314 (54 ref.); 3 tables; 3 illus.; Summaries (En, Pt)
520 _a Resumo Comunidades florestais são ambientes dinâmicos, nas quais processos de sucessão ocorrem naturalmente, podendo conduzir à maturidade da floresta. O objetivo deste estudo foi avaliar a estrutura do componente arbustivo-arbóreo de um fragmento de Floresta Estacional Semidecidual e caracterizar o seu estágio sucessional. O estudo foi realizado no município de Alegre, Espírito Santo, na ARIE Laerth Paiva Gama. A amostragem de todos os indivíduos com DAP ≥ 5 cm foi realizada por meio de pontos-quadrantes. Além dos parâmetros ecológicos foi obtida a estrutura diamétrica para a comunidade. As espécies foram classificadas quanto ao grupo ecológico em pioneiras, secundárias iniciais e secundárias tardias, e quanto ao grau de ameaça de extinção. Foram registradas 112 espécies, 81 gêneros e 34 famílias, das quais se destacaram em Valor de Importância Pseudopiptadenia contorta (15,33), Apuleia leiocarpa (5,08), Acosmium lentiscifolium (4,42) e Parapiptadenia pterosperma (4,30). O índice de Shannon foi de 4,17 e a equabilidade de 0,87, sendo considerados valores elevados para florestas estacionais semideciduais. Com relação à avaliação dos grupamentos ecológicos, as secundárias tardias e iniciais se destacaram em riqueza, no entanto as iniciais foram mais abundantes na comunidade. Deste modo, o remanescente florestal estudado pode ser caracterizado como pertencente ao estágio sucessional inicial-intermediário. Palavras-chave: espécies ameaçadas, fitossociologia, floresta estacional semidecidual, Unidade de Conservação. Abstract Forest communities are dynamic environments in which succession processes occur naturally, may lead to the maturity of the forest. The objective of this study was to evaluate the structure of the woody component of a fragment of semideciduous forest and characterize their successional stage. The study was conducted in the municipality of Alegre, Espirito Santo, in ARIE Laerth Paiva Gama. The sampling of all individuals with DBH ≥ 5 cm was performed by points quadrants. In addition to the ecological parameters it was obtained diameter structure to the community. The species were classified according to environmental group in pioneers, early secondary and late secondary, and the degree of threat of extinction. Were recorded the 112 species, 81 genera and 34 families, of which have excelled in importance value were Pseudopiptadenia contorta (15.33), Apuleia leiocarpa (5.08), Acosmium lentiscifolium (4.42) and Parapiptadenia pterosperma (4.30). The Shannon index was 4.17 and the evenness of 0.87 and are considered high values for semideciduous forests. As to the evaluation of ecological groups, late and early secondary stood out in wealth, however initials were more abundant in the community. Thus, the remaining forest studied can be characterized as belonging to the initial-intermediate stage succession. Key words: endangered species, phytosociology, semi-deciduous forest, Conservation Unit
650 _aFLORESTA ATLÂNTICA
650 _aUNIDADE DE CONSERVAÇÃO
650 _aVEGETAÇÃO
773 0 _0709
_9349998
_dRio de Janeiro-RJ Jardim Botanico do Rio de Janeiro 1935
_o2025-2520
_tRodriguésia (Brazil)
_x0370-6583; 2175-7860 on-line
_gv. 68(2) p. 301-314; (2017)
_wBR2025000762
856 _uhttps://www.scielo.br/j/rod/a/XtCDWbgQr4kkd95KGDMJkhg/?format=pdf&lang=pt
942 _cANA
999 _c331191
_d331191